<?xml version="1.0" encoding="UTF-8"?><?xml-stylesheet type="text/xsl" href="static/style.xsl"?><OAI-PMH xmlns="http://www.openarchives.org/OAI/2.0/" xmlns:xsi="http://www.w3.org/2001/XMLSchema-instance" xsi:schemaLocation="http://www.openarchives.org/OAI/2.0/ http://www.openarchives.org/OAI/2.0/OAI-PMH.xsd"><responseDate>2026-04-14T03:46:45Z</responseDate><request verb="GetRecord" identifier="oai:www.recercat.cat:11351/12544" metadataPrefix="marc">https://recercat.cat/oai/request</request><GetRecord><record><header><identifier>oai:recercat.cat:11351/12544</identifier><datestamp>2025-10-24T10:35:50Z</datestamp><setSpec>com_2072_378070</setSpec><setSpec>com_2072_378040</setSpec><setSpec>col_2072_378092</setSpec></header><metadata><record xmlns="http://www.loc.gov/MARC21/slim" xmlns:dcterms="http://purl.org/dc/terms/" xmlns:xsi="http://www.w3.org/2001/XMLSchema-instance" xmlns:doc="http://www.lyncode.com/xoai" xsi:schemaLocation="http://www.loc.gov/MARC21/slim http://www.loc.gov/standards/marcxml/schema/MARC21slim.xsd">
   <leader>00925njm 22002777a 4500</leader>
   <datafield ind2=" " ind1=" " tag="042">
      <subfield code="a">dc</subfield>
   </datafield>
   <datafield ind2=" " ind1=" " tag="720">
      <subfield code="a">MANERO RUIZ DE AZUA, AFRICA</subfield>
      <subfield code="e">author</subfield>
   </datafield>
   <datafield ind2=" " ind1=" " tag="720">
      <subfield code="a">VADO RANEDO, YERAI</subfield>
      <subfield code="e">author</subfield>
   </datafield>
   <datafield ind2=" " ind1=" " tag="720">
      <subfield code="a">Gonzàlez Morlà, Judith</subfield>
      <subfield code="e">author</subfield>
   </datafield>
   <datafield ind2=" " ind1=" " tag="720">
      <subfield code="a">Pereda, Arrate</subfield>
      <subfield code="e">author</subfield>
   </datafield>
   <datafield ind2=" " ind1=" " tag="720">
      <subfield code="a">Mogas Viñals, Eduard</subfield>
      <subfield code="e">author</subfield>
   </datafield>
   <datafield ind2=" " ind1=" " tag="720">
      <subfield code="a">Perez de Nanclares, Guiomar</subfield>
      <subfield code="e">author</subfield>
   </datafield>
   <datafield ind2=" " ind1=" " tag="260">
      <subfield code="c">2025-02-05T08:31:39Z</subfield>
   </datafield>
   <datafield ind2=" " ind1=" " tag="260">
      <subfield code="c">2025-02-05T08:31:39Z</subfield>
   </datafield>
   <datafield ind2=" " ind1=" " tag="260">
      <subfield code="c">2024-12-16</subfield>
   </datafield>
   <datafield ind2=" " ind1=" " tag="520">
      <subfield code="a">Heterodisomy; Pseudohypoparathyroidism</subfield>
   </datafield>
   <datafield ind2=" " ind1=" " tag="520">
      <subfield code="a">Heterodisomía; Pseudohipoparatiroidismo</subfield>
   </datafield>
   <datafield ind2=" " ind1=" " tag="520">
      <subfield code="a">Heterodisomia; Pseudohipoparatiroïdisme</subfield>
   </datafield>
   <datafield ind2=" " ind1=" " tag="520">
      <subfield code="a">Objective: To identify the genetic cause underlying the methylation defect in a patient with clinical suspicion of PHP1B/iPPSD3.&#xd;
Design: Imprinting is an epigenetic mechanism that allows the regulation of gene expression. The GNAS locus is one of the loci within the genome that is imprinted. When the methylation pattern is affected, it causes pseudohypoparathyroidism type 1B (PHP1B) or inactivating PTH/PTHrP signaling disorder 3 (iPPSD3). Paternal uniparental isodisomy (iUPDpat) of the chromosomal region comprising the GNAS locus has been described as one of the possible underlying genetic causes of the methylation alteration.&#xd;
Methods: We present the case of a patient clinically diagnosed with iPPSD3. We performed a commercial methylation-specific multiplex ligation-dependent probe amplification (MS-MLPA), single-nucleotide polymorphism (SNP) array, and microsatellite study. In addition, we designed a custom MS-MLPA to analyze GNAS and nearby differentially methylated regions (DMRs).&#xd;
Results: A methylation defect at the four GNAS-DMRs was detected, confirming the clinical diagnosis. Complementary techniques revealed the presence of a mixed isodisomy and heterodisomy of chromosome 20. Surprisingly, the GNAS locus was located on the heterodisomic zone.&#xd;
Conclusions: Paternal uniparental heterodisomy (hUPD) at the GNAS locus is also a genetic defect associated with iPPSD3. In the absence of parental samples, our custom MS-MLPA allows for the detection of a methylation defect at the GNAS locus and flanking DMRs, suggestive of uniparental disomy (UPD). We also suggest updating the actual guidelines to include hUPD at the GNAS locus as a cause of iPPSD3.</subfield>
   </datafield>
   <datafield ind2=" " ind1=" " tag="520">
      <subfield code="a">The author(s) declare that financial support was received for the research, authorship, and/or publication of this article. This research was funded by the Instituto de Salud Carlos III (ISCIIII) of the Ministry of Economy and Competitiveness (Spain), which was co-financed by the European Regional Development Fund (grant number PI20/00950) and the Department of Health of the Basque Government (grant number GV2021/111056).</subfield>
   </datafield>
   <datafield ind1="8" ind2=" " tag="024">
      <subfield code="a">http://hdl.handle.net/11351/12544</subfield>
   </datafield>
   <datafield tag="653" ind2=" " ind1=" ">
      <subfield code="a">ADN - Metilació</subfield>
   </datafield>
   <datafield tag="653" ind2=" " ind1=" ">
      <subfield code="a">Anomalies cromosòmiques</subfield>
   </datafield>
   <datafield tag="653" ind2=" " ind1=" ">
      <subfield code="a">Metabolisme, Errors congènits del</subfield>
   </datafield>
   <datafield tag="653" ind2=" " ind1=" ">
      <subfield code="a">DISEASES::Pathological Conditions, Signs and Symptoms::Pathologic Processes::Chromosome Aberrations::Nondisjunction, Genetic::Uniparental Disomy</subfield>
   </datafield>
   <datafield tag="653" ind2=" " ind1=" ">
      <subfield code="a">PHENOMENA AND PROCESSES::Chemical Phenomena::Biochemical Phenomena::Alkylation::Methylation::DNA Methylation</subfield>
   </datafield>
   <datafield tag="653" ind2=" " ind1=" ">
      <subfield code="a">DISEASES::Congenital, Hereditary, and Neonatal Diseases and Abnormalities::Genetic Diseases, Inborn::Metabolism, Inborn Errors::Metal Metabolism, Inborn Errors::Pseudohypoparathyroidism</subfield>
   </datafield>
   <datafield tag="653" ind2=" " ind1=" ">
      <subfield code="a">ENFERMEDADES::afecciones patológicas, signos y síntomas::procesos patológicos::aberraciones cromosómicas::no disyunción genética::disomía uniparental</subfield>
   </datafield>
   <datafield tag="653" ind2=" " ind1=" ">
      <subfield code="a">FENÓMENOS Y PROCESOS::fenómenos químicos::fenómenos bioquímicos::alquilación::metilación::metilación del ADN</subfield>
   </datafield>
   <datafield tag="653" ind2=" " ind1=" ">
      <subfield code="a">ENFERMEDADES::enfermedades y anomalías neonatales congénitas y hereditarias::enfermedades genéticas congénitas::alteraciones congénitas del metabolismo::alteraciones congénitas del metabolismo de los metales::seudohipoparatiroidismo</subfield>
   </datafield>
   <datafield ind2="0" ind1="0" tag="245">
      <subfield code="a">Heterodisomy in the GNAS locus is also a cause of pseudohypoparathyroidism type 1B (iPPSD3)</subfield>
   </datafield>
</record></metadata></record></GetRecord></OAI-PMH>